Nouvelle arithmétique des écoles primaires divisée en deux parties. 1º Théorie et pratique du calcul. Nombres entiers. Fractions. Système métrique. Nombres complexes. Rapports. 2º Applications. Applications arithmétiques-puissances et racines des nombres. Applications géométriques et contenant environ 1200 exercices et problèmes

Gespeichert in:
Bibliographische Detailangaben
1. Verfasser: RITT [Georges] Inspecteur général de l'enseignement primaire en France
Format: keine Angabe
Sprache:Französisch
Erschienen: Gand Chez Lebrun-Devigne, libraire-éditeur/Impr. méc. de Eug. Vanderhaeghen 1868
Ausgabe:nouvelle édition
Katalog:MANES:  Suchergebnis im Bibliothekskatalog
Schulbuchspezifische Eigenschaften:
Schlagworte:
Tags: Tag hinzufügen
Keine Tags, Fügen Sie den ersten Tag hinzu!
Hinzugefügt zu:26.04.2016

MARC

LEADER 000000000a22000000004500
001 22747
008 160427s be ||||| |||| 00| 0 fre d
040 |a manes  |c manes 
041 |a Francés 
100 1 |a RITT [Georges]  |b Inspecteur général de l'enseignement primaire en France 
245 0 0 |a Nouvelle arithmétique des écoles primaires divisée en deux parties. 1º Théorie et pratique du calcul. Nombres entiers. Fractions. Système métrique. Nombres complexes. Rapports. 2º Applications. Applications arithmétiques-puissances et racines des nombres. Applications géométriques et contenant environ 1200 exercices et problèmes 
250 |a nouvelle édition 
260 3 |a Gand  |b Chez Lebrun-Devigne, libraire-éditeur/Impr. méc. de Eug. Vanderhaeghen  |c 1868 
300 |a IV+264 p. 
500 |a Cette édition est exclusivement imprimée pour la Belgique et les exemplaires qui entreront en France ou dans tout pays où la propriété littéraire des livres français est reconnue seront considérés comme contrefaçon 
546 |a Bélgica 
650 7 |a Matemáticas 
655 7 |a Primaria 
942 |2 ddc  |c BK 
999 |c 45075  |d 45075 
999 |c manes:45075  |d 45075